British TV Catchphrases Quiz - Statistics

General Stats
  • This quiz has been taken 192 times
  • The average score is 25 of 112
Answer Stats
Catchphrase TV Show Person % Correct
Shut That Door Generation Game Larry Grayson
70%
That's Another Fine Mess You've Gotten Me Into Laurel And Hardy Oliver Hardy
69%
Hello My Darlings The Charlie Drake Show Charlie Drake
62%
Exterminate! Exterminate! Doctor Who Daleks
62%
Just Like That,Not Like That,Just Like That It's Tommy Cooper Tommy Cooper
58%
Ooh Matron Carry On Films Kenneth Williams
56%
Nice To See You To See You Nice The Generation Game Bruce Forsyth
54%
You'll Like It Not A Lot But You'll Like It The Paul Daniels Magic Show Paul Daniels
54%
Boom Boom The Basil Brush Show Basil Brush
52%
Beam Me Up Scotty Star Trek Captain Kirk
52%
Ooh You Are Awful But I Like You The Dick Emery Show Dick Emery
52%
Ooh Betty Some Mothers Do Ave Em Frank Spencer
52%
Here's One I Made Earlier Blue Peter Valerie Singleton
52%
Don't Mention The War Fawlty Towers Basil Fawlty
50%
And Now For Something Completely Different Monty Python John Cleese
50%
I've Got A Cunning Plan Blackadder Baldrick
49%
It's Goodnight From Me And It's Goodnight From Him The Two Ronnies Ronnie Barker & Ronnie Corbett
49%
Alright Dave Only Fools And Horses Trigger
48%
The Bouquet Residence The Lady Of The House Speaking Keeping Up Appearances Hyacinth Bucket
47%
Lovely Jubbly This Time Next Year We'll Be Millionaires Only Fools And Horses Del Boy Trotter
46%
During The War Only Fools And Horses Uncle Albert
46%
You Dirty Old Man Steptoe And Son Harold Steptoe
45%
Awight Barrymore Michael Barrymore
45%
Don't Panic Dad's Army Corporal Jones
42%
I Don't Believe It One Foot In The Grave Victor Meldrew
42%
You Can't Beat A Bit Of Bully Bullseye Jim Bowen
41%
Here's Our Graham With A Quick Recap Blind Date Cilla Black
40%
Here They Are They're So Appealing Okay Dollies Do Your Dealing Play Your Cards Right Bruce Forsyth
39%
I've Started So I'll Finish Mastermind Magnus Magnusson
39%
Rock On Tommy Cannon And Ball Bobby Ball
37%
Naff Off Porridge Norman Stanley Fletcher
37%
Yabba Dabba Doo The Flintstones Fred Flintstone
35%
Our Survey Says... Family Fortunes Les Dennis
35%
I'm Free Are You Being Served Mr Humphries
34%
What Is A Hot Spot Not A Good Spot Strike It Lucky Michael Barrymore
33%
Granville Fetch Your Cloth Open All Hours Arkwright
32%
Zoinks Scooby Doo Shaggy
32%
Hi-De-Hi Campers Hi-De-Hi Gladys Pugh
30%
Say What You See If You See It Say It Catchphrase Roy Walker
30%
Smell My Cheese You Mother I'm Alan Partridge Alan Partridge
29%
Pat Pat What Have You Done To Me Pat Eastenders Frank Butcher
29%
To Me To You Chucklevision The Chuckle Brothers
27%
Tonight Matthew I'm Going To Be... Stars In Your Eyes Matthew Kelly
25%
Get Out Of My Pub Eastenders Peggy Mitchell
25%
I'll Have A P Please Bob Blockbusters Bob Holness
24%
Ooh I Could Crush A Grape Crackerjack Stu Francis
22%
It's A Puppet! The Brian Conley Show Brian Conley
21%
It's A Cracker Opportunity Knocks Frank Carson
21%
Is That Your Final Answer? Who Wants To Be A Millionnaire Chris Tarrant
20%
My Arse The Royle Family Jim Royle
20%
Oh Nice Keeping Up Appearances Onslow
20%
You Are The Weakest Link Goodbye The Weakest Link Anne Robinson
19%
RICKAAAAY!!!! Eastenders Bianca Butcher
19%
Garlic Bread That Peter Kay Thing Peter Kay
19%
Go Wild In The Aisles Supermarket Sweep Dale Winton
18%
Listen Very Carefully I Shall Say This Only Once Allo Allo Michelle
18%
Booyakasha Is It Because I Is Black Da Ali G Show Ali G
16%
See You Jimmy The Russ Abbot Show Russ Abbot
16%
Keeeeeep Dancing! Strictly Come Dancing Tess Daly
16%
It's A Ten From Len Strictly Come Dancing Len Goodman
15%
Catch The Pigeon Wacky Races Dick Dastardly
14%
Will You Start The Fans Please The Crystal Maze Richard O Brien
14%
Sweetie,Darling Absolutely Fabulous Eddie & Patsy
13%
Fandabidozi The Krankies Jeanette Krankie
12%
That Is So Unfair Harry Enfield And Chums Kevin The Teenager
12%
Hello Banker Deal Or No Deal Noel Edmonds
11%
Smoke Me A Kipper I'll Be Back For Breakfast Red Dwarf Rimmer
11%
Don't Just Watch The Ads Win Em Saturday Night Takeaway Ant & Dec
10%
Think You Have What It Takes To Beat The Chaser Come And Have A Go If You Think You're Clever Enough The Chase Bradley Walsh
10%
You Are Live On Channel 4 Please Do Not Swear Big Brother Davina McCall
10%
She Is A Tart! Bread Nellie Boswell
10%
Ulrikakakakaka Shooting Stars Vic Reeves & Bob Mortimer
10%
Cheap As Chips A Right Bobby Dazzler Bargain Hunt David Dickinson
8%
I Didn't Like It I Loved It Britains Got Talent Simon Cowell
8%
Suzie Salt And Percy Pepper Can't Cook Won't Cook Ainsley Harriott
7%
Fab-U-Lous Darling Strictly Come Dancing Craig Revel Horwood
7%
You're Fired The Apprentice Lord Sugar
7%
We're Going Out Out Micky Flanagan Thinking Aloud Micky Flanagan
7%
That's Nice Mrs Brown's Boys Mrs Brown
7%
Ah Go On, Go On Go On Go On Father Ted Mrs Doyle
7%
Oh What's Occurring? Gavin & Stacey Nessa
7%
No No No No No Yes The Vicar Of Dibley Jim Trott
6%
Soggy Bottom The Great British Bake Off Mary Berry
6%
Want A Cup Of Tea Percy Coronation Street Phyllis
6%
Gav-el-aarr Gavin & Stacey Smithy
6%
I Don't Like It I Wan That Wun Little Britain Andy
5%
Bang Tidy! Shaaaating! Potato! Celebrity Juice Keith Lemon
5%
Am I Bovvered The Catherine Tate Show Lauren
5%
What A F*****g Liberty The Catherine Tate Show Nan
5%
No Likey No Lighty Take Me Out Paddy McGuinness
5%
Yeah But No But Little Britain Vicky Pollard
5%
Awoooga Gladiators John Fashanu
4%
What Have You Done Today To Make You Feel Proud Miranda Stevie
4%
Shamowa The Office David Brent
3%
Your Saturday Night Starts Right Here The X Factor Dermot O Leary
3%
Such Fun! Miranda Penny
3%
Bear With Miranda Tilly
3%
This Is A Local Shop For Local People There's Nothing For You Here The League Of Gentlemen Tubbs
3%
Bring On The Wall! The Wall Dale Winton
2%
Only 24 Hours To Go Now Babe Gavin & Stacey Gavin Shipman
2%
Simples! Compare The Meerkat Aleksander Orlov
1%
You Havin A Laugh Extras Andy Millman
1%
What's Crackalacking Mount Pleasant Barry
1%
I Know I'm A Sinner But Make Me A Winner National Lottery Bob Monkhouse
1%
I'm The Only Gay In The Village Little Britain Daffyd
1%
How Very Dare You Gay Dear,Me Dear,No Dear The Catherine Tate Show Derek
1%
Contenders Ready Gladiators Ready Gladiators John Anderson
1%
Will The Middle Solve The Riddle Catchphrase Stephen Mulhern
1%
Computer Says No Little Britain Carol Beer
0%
I'm A Laydee Little Britain Emily Howard
0%
Suits You Sir The Fast Show Ken & Kenneth
0%
Come On Down The Price Is Right Peter Dickson
0%
No matching quizzes found
Score Distribution
Percent of People with Each Score
Percentile by Number Answered
Your Score History
You have not taken this quiz